Vista normal
Vista MARC
- Asociación Española de Logopedia, Foniatría y Audiología.
Entrada Nombre corporativo
Número de registros utilizados en: 1
001 - NÚMERO DE CONTROL
- campo de control: 1806
003 - IDENTIFICADOR DEL NÚMERO DE CONTROL
- campo de control: ES-MaFIAP
005 - FECHA Y HORA DE LA ÚLTIMA TRANSACCIÓN
- campo de control: 20231128122704.0
008 - DATOS DE LONGITUD FIJA
- campo de control de longitud fija: 231128|| aca||aabn | a|a d
040 ## - FUENTE DE LA CATALOGACIÓN
- Centro catalogador/agencia de origen: ES-MaFIAP
- Centro/agencia transcriptor: ES-MaFIAP
110 ## - ENCABEZAMIENTO-NOMBRE DE ENTIDAD CORPORATIVA
- Nombre de entidad corporativa o nombre de jurisdicción como elemento de entrada: Asociación Española de Logopedia, Foniatría y Audiología.
- Unidad subordinada: Congreso Nacional (
- Número del congreso/reunión o número de parte o sección: 15.,.
- Fecha del congreso o de la firma del tratado: 1988.
- Sede del congreso/Lugar de la reunión: Sevilla)
670 ## - FUENTE DE DATOS ENCONTRADOS
- Cita de la fuente: Work cat.: (ES-MaFIAP)670: Asociación Española de Logopedia, Foniatría y Audiología. Congreso Nacional ( 15.,. 1988. Sevilla), XV Congreso Nacional de AELFA : , 1988? (





